|
|
|
|
| LEADER |
00000nam a22000007a 4500 |
| 005 |
2019032605505.0 |
| 007 |
cr|||| |||| |
| 008 |
190326s2018 es |||||s|||| 00||0 spa d |
| 020 |
|
|
|a 978-84-17310-18-9
|
| 035 |
|
|
|a 23188
|
| 040 |
|
|
|a vLex
|
| 090 |
|
|
|c 8506
|d 8506
|
| 100 |
1 |
|
|a Sur̀ez Corujo, Borja
|
| 245 |
1 |
2 |
|a El derecho a la revalorizacin̤ de las pensiones
|h [Recurso electrn̤ico] /
|c Borja Sur̀ez Corujo
|
| 256 |
|
|
|a Servicio en ln̕ea
|
| 260 |
|
|
|a Albacete:
|b Editorial Bomarzo,
|c 2018
|
| 300 |
|
|
|a 1 recurso electrn̤ico
|
| 500 |
|
|
|a ¿Es la revalorizacin̤ de las pensiones un derecho? ¿Es sostenible garantizar a los pensionistas el mantenimiento del poder adquisitivo? El autor de este libro responde afirmativamente a estas dos cuestiones a partir de un anl̀isis en tres planos: ter̤ico, reflexionando sobre la funcin̤ desempeąda por el mecanismo de actualizacin̤ perid̤ica de la pensin̤; comparado, a travš del repaso del modo en el que los pas̕es de la UE protegen el valor de sus pensiones; y constitucional, seąlando los lm̕ites que el legislador debe respetar en la regulacin̤ de este mecanismo.
|
| 506 |
1 |
|
|a Disponible solo en los productos indicados
|d vLex Global
|d vLex Global (Academic Edition, excluding Law Schools)
|d vLex Global (U.S. Academic Edition, Law Schools)
|d vLex Global (U.S. Academic Edition, excluding Law Schools)
|d vLex Global (Academic Edition, Law Schools)
|
| 650 |
0 |
4 |
|a Seguridad Social
|z Espaą
|
| 740 |
0 |
|
|a vLex Libros (Servicio en ln̕ea)
|
| 856 |
4 |
0 |
|u http://vlex.com/source/derecho-a-la-revalorizacion-de-las-pensiones-23188
|z Acceso restringido
|
| 942 |
|
|
|c BOOK
|
| 999 |
0 |
|
|a Social Security
|